| 000 | 00838nam a22002297a 4500 | ||
|---|---|---|---|
| 999 |
_c1447 _d1447 |
||
| 001 | 1447 | ||
| 003 | BD-JhCC | ||
| 005 | 20171019164035.0 | ||
| 008 | 171019s2007 bg |||| ||a| 00| 0 ben d | ||
| 020 | _a9844042798 | ||
| 035 | _a(BD-JhCC)1447 | ||
| 040 |
_aBD-JhCC _dBD-JhCC |
||
| 041 | _aben | ||
| 082 |
_a954.140359 _bHAS 2007 |
||
| 100 | _aহাসান, মোরশেদ শফিউল | ||
| 245 |
_aপূর্ব বাঙলায় চিন্তাচর্চা : _b১৯৪৭-১৯৭০ দ্বন্দ্ব ও প্রতিক্রিয়া / _cমোরশেদ শফিউল হাসান |
||
| 260 |
_aঢাকা : _bঅনুপম প্রকাশনী, _c2007. |
||
| 300 |
_a1031 p. : _c22 cm. |
||
| 650 |
_aHistory and criticism _zBangladesh |
||
| 942 |
_2ddc _cBK |
||